00610pab a2200169 454500008004000000100001800040245016600058260000900224300001300233362000700246650001500253700002100268773002000289909001000309999001700319952010400336180718b2003 xxu||||| |||| 00| 0 eng d aD'amico, Vera aThe role of data processing and uncertainty management in seismic hazard evaluations: insights from estimates in the Garfagnana - Lunigiana area (Northern Italy) c2003 ap.77-95. aay aSeismology aAlbarello, Dario aNatural Hazards a56953 c56953d56953 00104070aIIPAbIIPAd2018-07-19hVolume no: 29, Issue no: 1pAR57398r2018-07-19w2018-07-19yAR